Statystyki dla Grupy geograficzne - trójki #2

Kliknij tutaj aby rozwiązać quiz!

Ogólne statystyki

  • Ten quiz został rozwiązany 5 118 razy
  • Średni wynik to 19 z 36

Statystyki odpowiedzi

GrupaOdpowiedź% Poprawnych
Państwa, gdzie chiński jest
językiem urzędowym
Chiny
99%
Państwa Europy na literę AAndora
89%
Japońskie megamiasta
(>10 mln ludności)
Tokio
87%
Państwa Europy na literę AAlbania
83%
Państwa z południem w nazwieKorea Południowa
80%
Państwa Europy na literę AAustria
76%
Państwa, gdzie chiński jest
językiem urzędowym
Tajwan
76%
Stolice Ameryki Południowej
na literę B
Brasilia
73%
Najstarsze uniwersytety w
Wielkiej Brytanii
Oksford
72%
Państwa z południem w nazwieSudan Południowy
72%
Stolice Ameryki Południowej
na literę B
Buenos Aires
67%
Stolice Ameryki Południowej
na literę B
Bogota
62%
Państwa z południem w nazwiePołudniowa Afryka
61%
Państwa leżące nad
Jeziorem Wiktorii
Kenia
60%
Państwa leżące nad
Jeziorem Wiktorii
Tanzania
58%
Naludniejsze miasta w
Szwajcarii
Zurych
58%
Aktywne wulkany we WłoszechEtna
57%
Aktywne wulkany we WłoszechWezuwiusz
57%
Miasta w USA, gdzie odbyły się
letnie igrzyska olimpijskie
Los Angeles
56%
Państwa leżące nad
Jeziorem Wiktorii
Uganda
56%
Morza i zatoki, nad którymi
leży Iran
Zatoka Perska
54%
Najstarsze uniwersytety w
Wielkiej Brytanii
Cambridge
50%
Naludniejsze miasta w
Szwajcarii
Genewa
44%
Japońskie megamiasta
(>10 mln ludności)
Osaka
44%
Państwa, gdzie chiński jest
językiem urzędowym
Singapur
41%
Największe wyspy na BalearachMajorka
40%
Morza i zatoki, nad którymi
leży Iran
Morze Kaspijskie
38%
Największe wyspy na BalearachIbiza
34%
Największe wyspy na BalearachMinorka
30%
Miasta w USA, gdzie odbyły się
letnie igrzyska olimpijskie
Atlanta
25%
Naludniejsze miasta w
Szwajcarii
Bazylea
24%
Japońskie megamiasta
(>10 mln ludności)
Nagoja
14%
Aktywne wulkany we WłoszechStromboli
9%
Morza i zatoki, nad którymi
leży Iran
Zatoka Omańska
9%
Miasta w USA, gdzie odbyły się
letnie igrzyska olimpijskie
Saint Louis
7%
Najstarsze uniwersytety w
Wielkiej Brytanii
St Andrews
3%

Rozkład punktacji

Percentyl według liczby udzielonych odpowiedzi

Procent ludzi z każdym wynikiem

Twoja historia wyników

Nie rozwiązałeś tego quizu